Lelkigyakorlatok
Pravidelné duchovné cvičenia pre kňazov rožňavskej diecézy sa budú konať od 26. do 30.08.1912.
| Médium: | Článok |
|---|---|
| Jazyk: | Hungarian |
| Témy: | |
| Zdroj: |
1. Sajó-Vidék : Vegyestartalmú hetilap 1. Roč. 15, č. 33 (15.08.1912) s. 2 |
| LEADER | 00860nab#a2200289#ar4500 | ||
|---|---|---|---|
| 001 | 000073387 | ||
| 003 | SVKKK | ||
| 005 | 19970922xxxxxxx. | ||
| 008 | 06 c xo huno | ||
| FMT | |||
| 038 | |a SVKKK | ||
| 040 | |a SVKKK |b slo |e AACR2 | ||
| 041 | 0 | |a hun | |
| 044 | |a xo |c SK | ||
| 080 | |a 264 | ||
| 242 | 1 | 0 | |a Duchovné cvičenia |
| 245 | 0 | 0 | |a Lelkigyakorlatok |
| 520 | 2 | |a Pravidelné duchovné cvičenia pre kňazov rožňavskej diecézy sa budú konať od 26. do 30.08.1912. | |
| 650 | 0 | 4 | |a cirkev rímskokatolícka - cvičenia duchovné - farári rímskokatolícki(účastníci) - Rožňava - 26.-30.08.1912 - oznámenie |
| 773 | 0 | |t Sajó-Vidék : Vegyestartalmú hetilap |g Roč. 15, č. 33 (15.08.1912) s. 2 | |
| 957 | |a Rožňava | ||
| 958 | |a DG | ||
| 958 | |a SK | ||
| 974 | |a ebl |d 19970922 | ||
| 992 | |a RBX | ||
| BAS | |||
| 998 | |a RETRO | ||